000
00295pam a2200121 a 4500
020
_c
041
_h
100
_a
Khan irfan ali ,
_e
Khanum atiya .
245
_a
Fundamentals of biostatistics
_h
Textual Documents
260
_a
Hyderabad :
_b
Ukaaz Publication .
300
_a
533P.
930
_a
788
999
_c
77716
_d
77716